000 00525nmm a2200157Ia 4500
008 251105s9999||||xx |||||||||||||||||und||
041 _aspa
100 _aGonzalbo Aizpuru, Pilar
245 0 _aMulato Miguel. Entre amigos y demonios :
_b Oaxaca, siglo XVII
264 _a[México D.C., Mexico] :
_bEl Colegio de México,
_c2023
300 _a172 páginas
490 _aHistoria-Investigación
650 _aHistory of the Americas: Latin America
856 _uhttps://public.digitaliapublishing.com/a/131889
942 _cCF
999 _c99520
_d99520